| 000 | 00341nam a2200133Ia 4500 | ||
|---|---|---|---|
| 008 | 190216s9999||||xx |||||||||||||| ||und|| | ||
| 100 | _aTewari.Ks And Mehrotra.S.N | ||
| 245 | 0 | _aText Book Of Organic Chemistry | |
| 250 | _a1st Ed. | ||
| 260 |
_bVikas Publishing House _c1977 |
||
| 300 | _a1390 | ||
| 650 | _aChemistry-Chemistry | ||
| 942 | _cBK | ||
| 999 |
_c2055 _d2055 |
||